Les nuages (2) - Statistiques

Statistiques générales
  • Ce quiz a été pris 35 fois
    25 depuis la dernière actualisation
  • Le résultat moyen est 2 sur 9
Statistiques - réponses
Nuages Conséquences % Correct
Cumulonimbus orage
90%
Cumulus beau temps
33%
Stratocumulus Précipitation
19%
Stratus Bruine, brume et brouillard
5%
Nimbostratus chute de pluie ou de neige
5%
Cirrocumulus il est souvent accompagné par le cirrus
5%
Cirrus précurseur de précipitations
5%
Cirrostratus rapprochement d’un front chaud
5%
Altostratus très faibles précipitations
5%
Aucun quiz correspondant
Distribution des résultats
% des personnes avec chaque résultat
Percentile par nombre de réponses
Votre historique - résultats
Vous n’avez pas pris ce quiz depuis la dernière actualisation